Bienaventurados los misericordiosos (Record no. 182368)

MARC details
000 -LEADER
campo de control de longitud fija 00826nam a2200205 i 4500
001 - NÚMERO DE CONTROL
campo de control 182368
003 - IDENTIFICADOR DE NÚMERO DE CONTROL
campo de control ES-MaACL
005 - FECHA Y HORA DE LA ÚLTIMA TRANSACCIÓN
campo de control 20250822063235.0
008 - DATOS DE LONGITUD FIJA--INFORMACIÓN GENERAL
campo de control de longitud fija 130806s1908 gw |||| | spa d
080 ## - NÚMERO DE LA CLASIFICACIÓN DECIMAL UNIVERSAL
Número de la Clasificación Decimal Universal 087.5:83-321.6"18"
100 1# - ENTRADA PRINCIPAL--NOMBRE DE PERSONA
Nombre de persona Spillmann, Joseph,
Fechas asociadas al nombre 1842-1905
9 (RLIN) 153186
245 10 - MENCIÓN DEL TÍTULO
Título Bienaventurados los misericordiosos
Resto del título : episodio de la insurección de los negros en Haití /
Mención de responsabilidad, etc. por José Spillmann.
250 ## - MENCION DE EDICION
Mención de edición 2ª ed.
260 ## - PUBLICACIÓN, DISTRIBUCIÓN, ETC.
Lugar de publicación, distribución, etc. Friburgo de Brisgovia :
Nombre del editor, distribuidor, etc. B. Herder,
Fecha de publicación, distribución, etc. 1908.
300 ## - DESCRIPCIÓN FÍSICA
Extensión 114 p. :
Otras características físicas il. ;
Dimensiones 17 cm.
490 1# - MENCIÓN DE SERIE
Mención de serie Desde lejanas tierras ;
Designación de volumen o secuencia 14
830 0# - PUNTO DE ACCESO ADICIONAL DE SERIE-TÍTULO UNIFORME
Título uniforme Desde lejanas tierras ;
Designación de volumen o secuencia 14
9 (RLIN) 191750
852 ## - LOCALIZACIÓN
Ubicación ES-MaACL
Número de control de estantería 2320-F-1
Nota libre .- Encuadernación editorial
-- .- Ejemplar deteriorado
-- .- Donat. herederos de la bibl. de Mª del Pilar Costa Palacín
Holdings
Estatus retirado Estado de pérdida Estado de daño No para préstamo Colección Biblioteca de origen Biblioteca actual Ubicación en estantería Fecha de adquisición Fuente de adquisición Total de préstamos Signatura topográfica completa Código de barras Visto por última vez Precio de reemplazo Tipo de ítem Koha
        Colección de folletos Biblioteca del Ateneo de Madrid Biblioteca del Ateneo de Madrid Depósito folletos 06/08/2013     2320-F-1 1191646 23/02/2023 23/02/2023 Folleto